Countries with the Most Vegans - Statistics

General Stats
  • This quiz has been taken 679 times
  • The average score is 7 of 10
Answer Stats
% Of Population Number of People Country % Correct
1.5% (Adult Population) 3,700,000 United States
96%
1.05% (Over Age 15) 542,000 United Kingdom
90%
1.0% 800,000 Germany
83%
0.6-2.8% 400,000-1,680,000 Italy
73%
4% 390,000 Sweden
71%
0.08%* 36,800 Spain
68%
2.7% 3,432,000 Japan
67%
0.5%* 27,000 Finland
59%
1.6% 608,000 Poland
45%
5%* 421,000 Israel
41%
No matching quizzes found
Score Distribution
Percent of People with Each Score
Percentile by Number Answered
Your Score History
You have not taken this quiz